00999nam a2200241 i 4500001000300000245021600003260002900219300002100248650005800269700003900327700001900366710003700385040000800422041001100430080002100441080002100462942000700483008004100490999001700531856009800548952006200646952004900708bg00aDyrektywy Europejskiej Wspólnoty Gospodarczej dotyczące ochrony pracy.nT. 4 /c[red. nauk. Danuta Koradecka ; weryfikacja mmerytor. i tł. z ang. i fr. M. Benczek et al.] ; Centralny Instytut Ochrony Pracy. aWarszawa :bCIOP,c1995. a315 s. ;c24 cm. 4aBhpxprawo wspólnotowe europejskieystan na 1992 r.1 aKoradecka, Danutad(1939- ).eRed.1 aBenczek, K. M. 0aCentralny Instytut Ochrony Pracy cBPK1 aplhen a349.23/.24(4-15) a331.45/.46(4-15) cKS s pl f |000 0 pol  c38479d38479 uhttp://koha.tu.koszalin.pl/cgi-bin/koha/opac-detail.pl?biblionumber=38479yKatalog online BPK 00104071aBPKbBPKceho56063p01520422t349 Pp.SrpyKS 00104070aBPKbBPKcwo56064p01520439yKS